[Event "Las Palmas"]
[Site "?"]
[Date "1988.??.??"]
[Round "?"]
[White "Vera, R."]
[Black "Cramling, P."]
[Result "1-0"]
[WhiteElo "2445"]
[BlackElo "2435"]
[PlyCount "118"]
[EventDate "1988.??.??"]
[Source "ChessBase"]
[SourceDate "1988.07.01"]

1. d4 Nf6 2. c4 c5 3. d5 g6 4. Nc3 Bg7 5. e4 d6 6. Nf3 O-O 7. Be2 e6 8. O-O exd5 9. cxd5 Re8 10. Nd2 Na6 11. f3 Nc7 12. a4 b6 13. Nc4 Ba6 14. Bg5 h6 15. Bh4 Qd7 16. Bf2 Rab8 17. Re1 Bxc4 18. Bxc4 a6 19. Bf1 Rec8 20. g3 b5 21. axb5 axb5 22. Ra7 b4 23. Na4 Qd8 24. e5 Nfxd5 25. Bc4 dxe5 26. Qb3 Ra8 27. Rxa8 Rxa8 28. Rd1 Qe8 29. Nxc5 Nb6 30. Bd3 Kh7 31. Qxb4 Rb8 32. Qd2 Ne6 33. Nxe6 Qxe6 34. b4 Bf8 35. Rb1 Qc6 36. Qe2 Qc3 37. Kg2 Rd8 38. Rd1 Rb8 39. Be1 Qb3 40. Rb1 Qe6 41. h4 Nd5 42. h5 Nxb4 43. hxg6+ fxg6 44. Qe4 Nxd3 45. Rxb8 Nxe1+ 46. Qxe1 Bg7 47. g4 Qa2+ 48. Kg3 Qd5 49. Rb1 Bf6 50. Qe2 Qc6 51. Rd1 Qa4 52. Kg2 Bg7 53. Rd6 Qe8 54. Qc4 Qe7 55. Qd5 Qg5 56. Rd8 h5 57. Qg8+ Kh6 58. Rd7 Qf6 59. Rf7 hxg4 1-0

[Event "Ch World (juniors)"]
[Site "Match FIDE World Champ., Elis"]
[Date "1996.??.??"]
[Round "3"]
[White "Castaneda, Nelson"]
[Black "Cuesta Bustos, Raul"]
[Result "1-0"]
[WhiteElo "2545"]
[BlackElo "2330"]
[PlyCount "49"]
[EventDate "1996.??.??"]
[Source "www.chesslib.no"]
[SourceDate "2004.05.04"]

1. d4 Nf6 2. c4 e6 3. Nf3 c5 4. d5 d6 5. Nc3 exd5 6. cxd5 g6 7. Nd2 Bg7 8. e4 O-O 9. Be2 Na6 10. O-O Nc7 11. a4 Re8 12. f3 b6 13. Nc4 Ba6 14. Bg5 Qd7 15. Qd2 Bxc4 16. Bxc4 a6 17. Rfe1 b5 18. Bf1 Kh8 19. axb5 axb5 20. Rxa8 Rxa8 21. e5 dxe5 22. d6 b4 23. dxc7 bxc3 24. Qxd7 Nxd7 25. Rd1 1-0

[Event "Wch U18"]
[Site "Guarapuava"]
[Date "1995.??.??"]
[Round "4"]
[White "Gyimesi, Zoltan"]
[Black "Shliperman, Igor"]
[Result "0-1"]
[WhiteElo "2525"]
[BlackElo "2350"]
[PlyCount "58"]
[EventDate "1995.??.??"]
[Source "www.chesslib.no"]
[SourceDate "2004.05.04"]

1. d4 Nf6 2. c4 e6 3. Nf3 c5 4. d5 exd5 5. cxd5 d6 6. Nc3 g6 7. Nd2 Bg7 8. e4 O-O 9. Be2 Re8 10. O-O Na6 11. f3 Nc7 12. a4 b6 13. Nc4 Ba6 14. Bg5 Qd7 15. Re1 h6 16. Bh4 Nh5 17. Qd2 Bxc4 18. Bxc4 a6 19. g4 b5 20. Bf1 Nf6 21. Bxf6 Bxf6 22. Qxh6 b4 23. Nd1 Nxd5 24. Rc1 Qe7 25. Rc2 Bg5 26. Qh3 Nf4 27. Qg3 Qf6 28. Ne3 Bh4 29. g5 Bxg3 0-1

[Event "Budapest HUN"]
[Site "?"]
[Date "2005.10.04"]
[Round "4"]
[White "Berczes David"]
[Black "Paschall William M"]
[Result "1-0"]
[WhiteElo "2475"]
[BlackElo "2396"]
[PlyCount "101"]
[EventDate "2005.??.??"]
[Source "www.chesslib.no"]
[SourceDate "2004.05.04"]

1. d4 g6 2. c4 Bg7 3. e4 d6 4. Nc3 Nf6 5. Nf3 O-O 6. Be2 c5 7. d5 e6 8. Nd2 Na6 9. O-O Re8 10. Kh1 Nc7 11. a4 exd5 12. cxd5 b6 13. f3 Rb8 14. Nc4 Ba6 15. Bg5 Bxc4 16. Bxc4 a6 17. Qd3 h6 18. Bxf6 Qxf6 19. Bxa6 Qd4 20. Bc4 Ra8 21. Qxd4 Bxd4 22. Bb5 Re7 23. Bc6 Ra5 24. Ne2 Bf6 25. Nc3 Bd4 26. Rab1 Kf8 27. Ne2 Be3 28. Rfd1 Na6 29. Nc3 Nc7 30. Rd3 Bf2 31. Nd1 Bd4 32. b4 Ra7 33. Ne3 Bxe3 34. Rxe3 Na6 35. bxc5 bxc5 36. Rb6 Nb4 37. h4 Kg7 38. h5 g5 39. Ra3 Nc2 40. Rc3 Nd4 41. Bb5 g4 42. Kh2 gxf3 43. gxf3 Nxb5 44. axb5 Ra2+ 45. Kg3 Rd7 46. Rc6 Rb2 47. b6 f5 48. Ra3 Kf6 49. Ra7 Rd8 50. b7 fxe4 51. Ra8 1-0

[Event "Zetters"]
[Site "Birmingham"]
[Date "1975.04.11"]
[Round "14"]
[White "Botterill, George Steven"]
[Black "Janosevic, Dragoljub"]
[Result "1-0"]
[WhiteElo "2400"]
[BlackElo "2465"]
[PlyCount "78"]
[EventDate "1975.03.27"]
[Source "www.chesslib.no"]
[SourceDate "2004.05.04"]

1. d4 Nf6 2. c4 c5 3. d5 d6 4. Nc3 g6 5. e4 Bg7 6. Nf3 O-O 7. Be2 e6 8. O-O exd5 9. cxd5 Re8 10. Nd2 Na6 11. f3 Nc7 12. a4 b6 13. Nc4 Ba6 14. Bg5 h6 15. Be3 Bxc4 16. Bxc4 a6 17. Qd2 Kh7 18. Rab1 Rb8 19. b4 b5 20. Be2 cxb4 21. Rxb4 a5 22. Rxb5 Nxb5 23. Bxb5 Re7 24. Ne2 Reb7 25. Nd4 Qh8 26. Rd1 Ra8 27. Bc6 Rb4 28. Bxa8 Qxa8 29. Qc2 Qe8 30. Nc6 Nxe4 31. fxe4 Rxe4 32. Bf2 Re2 33. Qd3 Ra2 34. Re1 Qd7 35. h3 Rxa4 36. Re7 Ra1+ 37. Kh2 Qf5 38. Qxf5 gxf5 39. Rxf7 Kg6 1-0

[Event "Wichern op 5th"]
[Site "Hamburg"]
[Date "1999.10.22"]
[Round "9.19"]
[White "Lugovoi, Aleksei"]
[Black "Simacek, Pavel"]
[Result "1-0"]
[WhiteElo "2509"]
[BlackElo "2346"]
[PlyCount "67"]
[EventDate "1999.10.15"]
[Source "www.chesslib.no"]
[SourceDate "2004.05.04"]

1. d4 Nf6 2. c4 c5 3. d5 e6 4. Nc3 exd5 5. cxd5 d6 6. Nf3 g6 7. Nd2 Bg7 8. e4 O-O 9. Be2 Re8 10. O-O Na6 11. f3 Nc7 12. a4 b6 13. Nc4 Ba6 14. Bg5 Bxc4 15. Bxc4 a6 16. Qd3 Qc8 17. f4 Nd7 18. Kh1 Rb8 19. e5 dxe5 20. d6 Ne6 21. Bxa6 Qc6 22. Bb5 Qb7 23. Nd5 e4 24. Qc4 Nxg5 25. fxg5 Ne5 26. Qxe4 Re6 27. d7 Nxd7 28. Ne7+ Kh8 29. Qxb7 Rxb7 30. Rxf7 Rd6 31. Re1 Rd2 32. h3 c4 33. Bxc4 Rc2 34. Nc6 1-0

[Event "06.OIBayEM Bad Wiessee op"]
[Site "?"]
[Date "2002.10.28"]
[Round "3"]
[White "Gershon Alik"]
[Black "Fuchs Michael"]
[Result "1-0"]
[WhiteElo "2562"]
[BlackElo "2293"]
[PlyCount "73"]
[EventDate "2002.??.??"]
[Source "www.chesslib.no"]
[SourceDate "2004.05.04"]

1. d4 Nf6 2. c4 e6 3. Nf3 c5 4. d5 exd5 5. cxd5 d6 6. Nc3 g6 7. Nd2 Bg7 8. e4 O-O 9. Be2 Re8 10. O-O Na6 11. f3 Nc7 12. a4 b6 13. Nc4 Ba6 14. Bg5 h6 15. Be3 Bxc4 16. Bxc4 a6 17. Qd2 Kh7 18. Rab1 Qd7 19. b4 b5 20. Be2 c4 21. a5 Qe7 22. Bd4 Nd7 23. Bxg7 Kxg7 24. f4 f6 25. Rbe1 Kh7 26. Bd1 Qg7 27. Bc2 Re7 28. Re3 Rae8 29. Rg3 Nf8 30. e5 dxe5 31. Bxg6+ Nxg6 32. f5 Nf4 33. d6 Rd8 34. Rxf4 exf4 35. Qxf4 Re1+ 36. Kf2 Qd7 37. Rg6 1-0

[Event "Mar del Plata"]
[Site "Mar del Plata"]
[Date "1971.??.??"]
[Round "11"]
[White "Mecking, Henrique"]
[Black "Sumiacher, Carlos"]
[Result "1/2-1/2"]
[WhiteElo "2540"]
[BlackElo "2315"]
[PlyCount "61"]
[EventDate "1971.03.??"]
[Source "ChessBase"]

1. d4 Nf6 2. c4 c5 3. d5 e6 4. Nc3 exd5 5. cxd5 g6 6. e4 d6 7. Nf3 Bg7 8. Be2 O-O 9. O-O Re8 10. Nd2 Na6 11. f3 Nc7 12. a4 Nd7 13. f4 f5 14. Nc4 Bd4+ 15. Kh1 Qf6 16. exf5 gxf5 17. Ra3 b6 18. Bh5 Re7 19. Ne2 Bb7 20. Nxd4 cxd4 21. Rd3 Nc5 22. Rg3+ Kh8 23. Nxd6 Nxd5 24. Nxb7 Rxb7 25. Be2 Rd8 26. Bc4 Ne4 27. Rd3 Nb4 28. Rdf3 Rc7 29. b3 a5 30. Bb2 h6 31. Re1 1/2-1/2

[Event "SUI Team Ch"]
[Site "Switzerland"]
[Date "1995.??.??"]
[Round "9"]
[White "Kelecevic, Nedeljko"]
[Black "Goldstern, Filip Daniel"]
[Result "1-0"]
[WhiteElo "2450"]
[BlackElo "2395"]
[PlyCount "77"]
[EventDate "1995.??.??"]
[Source "www.chesslib.no"]
[SourceDate "2004.05.04"]

1. d4 Nf6 2. c4 e6 3. Nc3 c5 4. d5 exd5 5. cxd5 d6 6. Nf3 g6 7. Nd2 Bg7 8. e4 O-O 9. Be2 Re8 10. O-O Na6 11. f3 Nc7 12. a4 b6 13. Nc4 Ba6 14. Re1 Bxc4 15. Bxc4 a6 16. Bf1 Nh5 17. g4 Bd4+ 18. Kh1 Ng7 19. Bf4 f5 20. exf5 gxf5 21. Rxe8+ Ncxe8 22. Bd3 Qf6 23. Qd2 Nc7 24. gxf5 Nxf5 25. Ne4 Qf8 26. Ng5 Kh8 27. Qg2 Nxd5 28. Qh3 h6 29. Bd2 Nde7 30. Re1 Be5 31. Qh5 Qf6 32. Nf7+ Kg7 33. Rg1+ Ng3+ 34. Rxg3+ Bxg3 35. Bc3 Be5 36. Nxe5 Kg8 37. Be4 d5 38. Ng4 Qe6 39. Nf6+ 1-0

[Event "Skanska Open"]
[Site "?"]
[Date "2004.07.23"]
[Round "1"]
[White "Ftacnik Lubomir"]
[Black "Johannesson Ingvar Thor"]
[Result "1-0"]
[WhiteElo "2549"]
[BlackElo "2296"]
[PlyCount "81"]
[EventDate "2004.??.??"]
[Source "www.chesslib.no"]
[SourceDate "2004.05.04"]

1. d4 Nf6 2. Nf3 c5 3. e3 g6 4. c4 Bg7 5. Nc3 O-O 6. d5 d6 7. Be2 e6 8. O-O exd5 9. cxd5 Re8 10. Nd2 b6 11. a4 Na6 12. e4 Nc7 13. f3 Qe7 14. Re1 Nh5 15. Nc4 Ba6 16. g4 Bd4+ 17. Kg2 Ng7 18. Bf4 Bxc4 19. Bxc4 h5 20. g5 h4 21. Qc1 Nh5 22. Bd2 f6 23. Ne2 Be5 24. Ra3 fxg5 25. Bxg5 Bf6 26. Bd2 Rf8 27. Rg1 Be5 28. Kh1 Kh7 29. Ba2 Qf6 30. Rb3 Nf4 31. Nxf4 Bxf4 32. Rg4 Bxd2 33. Qxd2 Kg7 34. Bb1 Qe5 35. Rc3 Rf6 36. f4 Qh5 37. Qg2 Raf8 38. Rf3 Kh6 39. Qh3 Kg7 40. Rxh4 Rxf4 41. Rxh5 1-0

[Event "It (Open) Cutro ITA"]
[Site "?"]
[Date "2006.05.01"]
[Round "9"]
[White "Naumkin Igor"]
[Black "Marholev Dimitar"]
[Result "0-1"]
[WhiteElo "2415"]
[BlackElo "2419"]
[PlyCount "54"]
[EventDate "2006.??.??"]
[Source "www.chesslib.no"]
[SourceDate "2004.05.04"]

1. d4 Nf6 2. c4 e6 3. Nf3 c5 4. d5 exd5 5. cxd5 d6 6. Nc3 g6 7. e4 Bg7 8. Be2 O-O 9. Nd2 Re8 10. O-O Na6 11. f3 Nc7 12. a4 b6 13. Nc4 Ba6 14. Bf4 Bxc4 15. Bxc4 a6 16. Kh1 h6 17. Qd2 Kh7 18. Rae1 Nh5 19. Be3 Rb8 20. Be2 b5 21. axb5 Nxb5 22. Nd1 a5 23. Nf2 Nd4 24. Bc4 Qh4 25. Kg1 Rxb2 26. Qxa5 Nxf3+ 27. gxf3 Be5 0-1

[Event "CADAP VIII zt fin 9094"]
[Site "CADAP VIII zt fin 9094"]
[Date "1990.??.??"]
[Round "?"]
[White "Blanco Gramajo, Cesar Augusto"]
[Black "Enricci, Juan Andres"]
[Result "0-1"]
[WhiteElo "2445"]
[BlackElo "2385"]
[PlyCount "60"]
[EventDate "1990.??.??"]
[Source "www.chesslib.no"]
[SourceDate "2004.05.04"]

1. d4 Nf6 2. c4 e6 3. Nc3 c5 4. d5 exd5 5. cxd5 d6 6. e4 g6 7. Nf3 Bg7 8. Be2 O-O 9. O-O Re8 10. Nd2 Na6 11. f3 Nc7 12. a4 b6 13. Nc4 Ba6 14. Bg5 h6 15. Be3 Bxc4 16. Bxc4 a6 17. Qd2 Kh7 18. Rab1 Qd7 19. b4 b5 20. Be2 c4 21. Bd4 Re7 22. Ra1 Ree8 23. Ra2 Reb8 24. f4 a5 25. Rb1 bxa4 26. b5 Nxb5 27. Nxb5 Nxe4 28. Qd1 Rxb5 29. Bxg7 Qa7+ 30. Bd4 Rxb1 0-1

[Event "Manzanillo"]
[Site "Manzanillo"]
[Date "1987.??.??"]
[Round "?"]
[White "Novikov, I."]
[Black "Hernandez, Gi"]
[Result "1-0"]
[WhiteElo "2480"]
[BlackElo "2350"]
[PlyCount "77"]
[EventDate "1987.??.??"]
[Source "www.chesslib.no"]
[SourceDate "2004.05.04"]

1. d4 Nf6 2. c4 e6 3. Nf3 c5 4. d5 exd5 5. cxd5 d6 6. Nc3 g6 7. Nd2 Bg7 8. e4 O-O 9. Be2 Re8 10. O-O Na6 11. f3 Nc7 12. a4 b6 13. Nc4 Ba6 14. Bg5 h6 15. Be3 Qd7 16. Qd2 Kh7 17. b3 Bxc4 18. bxc4 Na6 19. Rae1 Nb4 20. Bd1 a6 21. Bf2 Qd8 22. f4 Nd7 23. Bg3 f5 24. exf5 gxf5 25. Rxe8 Qxe8 26. Re1 Qf7 27. Na2 Nxa2 28. Qxa2 Re8 29. Qb1 Bd4+ 30. Kf1 Rxe1+ 31. Bxe1 Kg7 32. Bc2 Qe8 33. Bxf5 Nf6 34. Qb3 b5 35. axb5 axb5 36. cxb5 c4 37. Qg3+ Kf8 38. Bb4 Ne4 39. Qg6 1-0

[Event "It Open"]
[Site "Bad Oeynhausen GER"]
[Date "1981.??.??"]
[Round "1"]
[White "Sanz Alonso, Francisco J"]
[Black "Malich, Burkhard"]
[Result "0-1"]
[WhiteElo "2355"]
[BlackElo "2470"]
[PlyCount "90"]
[EventDate "1981.??.??"]
[Source "www.chesslib.no"]
[SourceDate "2004.05.04"]

1. d4 Nf6 2. c4 c5 3. d5 e6 4. Nc3 exd5 5. cxd5 d6 6. Nf3 g6 7. Nd2 Bg7 8. e4 O-O 9. Be2 Re8 10. O-O Na6 11. f3 Nc7 12. a4 b6 13. Nc4 Ba6 14. Bg5 h6 15. Bh4 Qd7 16. Qc2 Bxc4 17. Bxc4 a6 18. Qd3 Nh5 19. Bf2 Nf4 20. Qd2 g5 21. Rfe1 b5 22. Bf1 Ng6 23. axb5 axb5 24. Ne2 f5 25. Ng3 f4 26. Nf5 Bf8 27. Qc2 Ne7 28. Rxa8 Rxa8 29. Nxd6 Qxd6 30. Bxc5 Qe5 31. Rd1 Ng6 32. Bd4 Qd6 33. Rc1 Ne6 34. Bf2 Nd8 35. Bxb5 Rb8 36. Bc4 Ne5 37. b3 Ndf7 38. Qa2 Rc8 39. Qa7 Nd3 40. Ra1 Nxf2 41. Kxf2 Ne5 42. Ra6 Qb4 43. d6+ Rxc4 44. bxc4 Qd2+ 45. Kf1 Qd1+ 0-1

[Event "Baku"]
[Site "Baku"]
[Date "1997.??.??"]
[Round "7"]
[White "Guliev, Sarhan"]
[Black "Soylu, Suat"]
[Result "1-0"]
[WhiteElo "2425"]
[BlackElo "2395"]
[PlyCount "111"]
[EventDate "1997.??.??"]
[Source "www.chesslib.no"]
[SourceDate "2004.05.04"]

1. d4 Nf6 2. c4 c5 3. d5 g6 4. Nc3 d6 5. e4 Bg7 6. Nf3 O-O 7. Be2 e6 8. O-O Re8 9. Nd2 Na6 10. Kh1 Nc7 11. a4 exd5 12. cxd5 b6 13. f3 Rb8 14. Nc4 Ba6 15. Bg5 Qd7 16. Qd2 Bxc4 17. Bxc4 a6 18. Bd3 b5 19. axb5 axb5 20. Rae1 h5 21. f4 c4 22. Bb1 b4 23. Nd1 Nh7 24. Bh4 Nb5 25. e5 c3 26. bxc3 bxc3 27. Nxc3 Nxc3 28. Qxc3 dxe5 29. fxe5 Qxd5 30. Qc2 Ra8 31. Rd1 Qxe5 32. Rxf7 Re6 33. Rb7 Kh8 34. Bg3 Qc3 35. Qxc3 Bxc3 36. h3 Nf8 37. Rc1 Be5 38. Bxe5+ Rxe5 39. Rcc7 Re6 40. Rf7 Rd6 41. Kh2 Rad8 42. Kg3 Rd4 43. Bxg6 h4+ 44. Kf3 Nxg6 45. Rh7+ Kg8 46. Rbg7+ Kf8 47. Rxg6 Rd3+ 48. Kf2 Rd2+ 49. Kg1 R8d4 50. Rgh6 Rd5 51. Rf6+ Kg8 52. Rxh4 Rg5 53. Rf2 Rd3 54. Kh2 Rdg3 55. Rhf4 Kg7 56. R4f3 1-0

[Event "AUT-chT2O 0102"]
[Site "?"]
[Date "2001.11.17"]
[Round "4.1"]
[White "Lukacs Peter"]
[Black "Kummer Helmut"]
[Result "1/2-1/2"]
[WhiteElo "2432"]
[BlackElo "2386"]
[PlyCount "67"]
[EventDate "2001.??.??"]
[Source "www.chesslib.no"]
[SourceDate "2004.05.04"]

1. d4 Nf6 2. c4 c5 3. d5 e6 4. Nc3 exd5 5. cxd5 d6 6. Nf3 g6 7. Nd2 Bg7 8. e4 O-O 9. Be2 Re8 10. O-O Na6 11. f3 Nc7 12. a4 Nd7 13. Nc4 Ne5 14. Ne3 f5 15. exf5 gxf5 16. f4 Ng6 17. Kh1 Rf8 18. Bd3 Qf6 19. Qc2 Bd7 20. Bd2 Rae8 21. Rf3 Kh8 22. Raf1 a6 23. Rh3 b5 24. Qd1 Ne7 25. Rff3 c4 26. Bb1 Qf7 27. Rfg3 Bf6 28. Rh5 b4 29. Nxc4 Nc8 30. Na2 Nxd5 31. Nxb4 Nxf4 32. Rxh7+ Qxh7 33. Bxf4 Bh4 34. Qd4+ 1/2-1/2

[Event "Havana2"]
[Site "?"]
[Date "1986.??.??"]
[Round "?"]
[White "Otero Evelio"]
[Black "Verduga Denis Homero"]
[Result "1-0"]
[WhiteElo "2390"]
[BlackElo "2425"]
[PlyCount "77"]
[EventDate "1986.??.??"]
[Source "www.chesslib.no"]
[SourceDate "2004.05.04"]

1. d4 Nf6 2. c4 c5 3. d5 e6 4. Nc3 exd5 5. cxd5 d6 6. Nf3 g6 7. Nd2 Bg7 8. e4 O-O 9. Be2 Re8 10. O-O Na6 11. f3 Nc7 12. a4 b6 13. Kh1 Rb8 14. Nc4 Ba6 15. Bg5 Bxc4 16. Bxc4 h6 17. Bh4 a6 18. Qd3 Qc8 19. Rab1 Nd7 20. Bg3 Ne5 21. Bxe5 Bxe5 22. f4 Bxc3 23. bxc3 b5 24. Ba2 Qd7 25. axb5 axb5 26. Rbd1 Ra8 27. Bb1 Ra3 28. Qd2 Qg4 29. e5 Rd8 30. e6 fxe6 31. h3 Qh4 32. dxe6 Qf6 33. Rde1 Qg7 34. Re3 d5 35. Rg3 g5 36. Qc1 b4 37. fxg5 Qe5 38. gxh6+ Kh8 39. Qc2 1-0

[Event "Memorial A. Kotov"]
[Site "Tula (Russia)"]
[Date "2007.07.08"]
[Round "13"]
[White "Domogaev Sergey (RUS)"]
[Black "Simantsev Mikhail (UKR)"]
[Result "0-1"]
[WhiteElo "2383"]
[BlackElo "2430"]
[PlyCount "38"]
[EventDate "2007.??.??"]
[Source "www.chesslib.no"]
[SourceDate "2004.05.04"]

1. d4 Nf6 2. c4 c5 3. d5 e6 4. Nc3 exd5 5. cxd5 d6 6. e4 g6 7. Nf3 Bg7 8. Be2 O-O 9. O-O Re8 10. Nd2 Na6 11. f3 Nc7 12. a4 b6 13. Nc4 Ba6 14. Bg5 h6 15. Bh4 Qd7 16. Bg3 Nh5 17. Nxd6 Nxg3 18. Nxe8 Nxe2+ 19. Nxe2 Rxe8 0-1

[Event "otb"]
[Site "otb"]
[Date "2007.05.03"]
[Round "1"]
[White "Iljushin Alexei"]
[Black "Goncharov Vl"]
[Result "0-1"]
[WhiteElo "2501"]
[BlackElo "2310"]
[PlyCount "64"]
[Source "www.chesslib.no"]
[SourceDate "2004.05.04"]

1. d4 Nf6 2. c4 c5 3. d5 e6 4. Nc3 exd5 5. cxd5 d6 6. e4 g6 7. Be2 Bg7 8. Nf3 O-O 9. O-O Re8 10. Nd2 Na6 11. f3 Nc7 12. a4 b6 13. Kh1 h5 14. Nc4 Ba6 15. Bg5 Bxc4 16. Bxc4 a6 17. f4 b5 18. axb5 axb5 19. Rxa8 Qxa8 20. Nxb5 Nxb5 21. Bxb5 Rxe4 22. Bc6 Qa5 23. f5 Ng4 24. Bd2 Qd8 25. h3 Ne3 26. Bxe3 Rxe3 27. fxg6 fxg6 28. Qd2 Qe7 29. b4 Qe4 30. Bd7 cxb4 31. Be6+ Kh7 32. Qf2 b3 0-1

[Event "Poznan"]
[Site "Poznan"]
[Date "1986.??.??"]
[Round "8"]
[White "Sarwinski, Miroslaw"]
[Black "Woda, Jacek"]
[Result "1-0"]
[WhiteElo "2410"]
[BlackElo "2400"]
[PlyCount "141"]
[EventDate "1986.09.??"]
[Source "www.chesslib.no"]
[SourceDate "2004.05.04"]

1. d4 Nf6 2. c4 c5 3. d5 d6 4. Nc3 g6 5. Nf3 Bg7 6. e4 e6 7. Be2 O-O 8. O-O exd5 9. cxd5 Re8 10. Nd2 Na6 11. f3 Nc7 12. a4 b6 13. Kh1 Rb8 14. Nc4 Ba6 15. Bg5 h6 16. Be3 Bxc4 17. Bxc4 a6 18. Bd3 Qc8 19. Rb1 Nd7 20. Qd2 b5 21. Be2 Kh7 22. Bf4 Ne5 23. b4 c4 24. a5 Qd8 25. Bg3 Qf6 26. f4 Nd7 27. e5 Qd8 28. exd6 Bxc3 29. Qxc3 Nxd5 30. Qd2 Ne3 31. Rfe1 Qf6 32. Bf3 Nf5 33. Bc6 Rxe1+ 34. Rxe1 Rd8 35. Be4 Nxd6 36. Bc2 Nb8 37. Qf2 Nf5 38. h3 Nxg3+ 39. Qxg3 Nc6 40. f5 g5 41. Qc7 Kg7 42. Re6 Rc8 43. Qxc8 fxe6 44. Qxc6 Qa1+ 45. Kh2 Qe5+ 46. g3 Qe2+ 47. Qg2 Qe1 48. fxe6 Qxe6 49. Qf3 Qd6 50. Qc3+ Qf6 51. Qd2 Qb2 52. Kg2 Kf6 53. Kf3 Qa3+ 54. Kf2 Qb2 55. Ke2 Qe5+ 56. Qe3 Qb2 57. Qb6+ Kf7 58. Qc7+ Ke6 59. Qc6+ Kf7 60. Qd7+ Kg8 61. Qh7+ Kf8 62. Qxh6+ Ke8 63. Qe6+ Kf8 64. Qd6+ Kg7 65. Qe7+ Kg8 66. Qxg5+ Kf8 67. Qc5+ Kf7 68. Kd2 Qa3 69. Qf5+ Ke7 70. Qe5+ Kf7 71. Qc3 1-0

[Event "Agard"]
[Site "Agard"]
[Date "1976.??.??"]
[Round "2"]
[White "Petran, Pal"]
[Black "Sapi, Laszlo"]
[Result "1-0"]
[WhiteElo "2415"]
[BlackElo "2395"]
[PlyCount "85"]
[EventDate "1976.10.??"]
[Source "ChessBase"]

1. d4 Nf6 2. c4 c5 3. d5 e6 4. Nc3 exd5 5. cxd5 g6 6. e4 d6 7. Nf3 Bg7 8. Be2 O-O 9. O-O Re8 10. Nd2 Na6 11. f3 Nc7 12. a4 Nd7 13. Kh1 Qe7 14. Nc4 f5 15. Bf4 Ne5 16. Qd2 Bd7 17. Rfe1 Qf8 18. Nxe5 dxe5 19. Be3 f4 20. Bg1 Qd6 21. Rec1 Rec8 22. Bb5 Nxb5 23. Nxb5 Bxb5 24. axb5 Bf8 25. Qc3 b6 26. Ra6 Qc7 27. Rca1 Bd6 28. Qc4 Qd7 29. h3 g5 30. Qa4 h5 31. Rxa7 Rxa7 32. Qxa7 Qxb5 33. Qa6 Qxa6 34. Rxa6 Bc7 35. Ra7 Kf8 36. Bf2 Ke8 37. Kg1 Kd7 38. Kf1 Kd6 39. Ke2 Rg8 40. Kd3 g4 41. hxg4 hxg4 42. b4 cxb4 43. Be1 1-0

[Event "Kamen Piskov Memorial 2nd"]
[Site "Ruse"]
[Date "1978.??.??"]
[Round "12"]
[White "Lukacs, Peter"]
[Black "Grigorov, Jordan N"]
[Result "0-1"]
[WhiteElo "2460"]
[BlackElo "2340"]
[PlyCount "82"]
[EventDate "1978.06.??"]
[Source "www.chesslib.no"]
[SourceDate "2004.05.04"]

1. d4 Nf6 2. c4 c5 3. d5 g6 4. Nc3 Bg7 5. e4 d6 6. Be2 O-O 7. Nf3 e6 8. O-O exd5 9. cxd5 Re8 10. Nd2 Na6 11. f3 Nc7 12. a4 b6 13. Kh1 Rb8 14. Nc4 Ba6 15. Bg5 Bxc4 16. Bxc4 h6 17. Bd2 a6 18. Qe2 Qc8 19. Rab1 Nd7 20. Bf4 Ne5 21. Bxe5 Bxe5 22. f4 Bxc3 23. bxc3 b5 24. axb5 axb5 25. Bxb5 Nxb5 26. Rxb5 Rxb5 27. Qxb5 Rxe4 28. f5 Qe8 29. Qxe8+ Rxe8 30. Kg1 g5 31. g4 Re5 32. Rd1 Re4 33. h3 Re3 34. Rb1 Rxh3 35. Kg2 Rxc3 36. Rb6 Rd3 37. Rxd6 Kg7 38. Rd8 Kf6 39. d6 Ke5 40. Rc8 Kf4 41. Rxc5 Kxg4 0-1

[Event "Izt"]
[Site "Szirak HUN"]
[Date "1985.??.??"]
[Round "?"]
[White "Petran, Pal"]
[Black "Horvath, Csaba"]
[Result "1/2-1/2"]
[WhiteElo "2440"]
[BlackElo "2360"]
[PlyCount "62"]
[EventDate "1985.??.??"]
[Source "www.chesslib.no"]
[SourceDate "2004.05.04"]

1. d4 Nf6 2. c4 e6 3. Nc3 c5 4. d5 exd5 5. cxd5 d6 6. Nf3 g6 7. Nd2 Bg7 8. e4 O-O 9. Be2 Re8 10. O-O Na6 11. f3 Nc7 12. a4 b6 13. Nc4 Ba6 14. Bg5 h6 15. Be3 Bxc4 16. Bxc4 a6 17. Qd2 Kh7 18. Rab1 Qd7 19. b4 b5 20. Be2 c4 21. a5 Re7 22. Bd1 Qe8 23. Bc2 Qh8 24. Rbd1 Ng4 25. Bd4 Bxd4+ 26. Qxd4 Qxd4+ 27. Rxd4 Ne3 28. Rc1 f5 29. Kf2 Nxc2 30. Rxc2 fxe4 31. Nxe4 Kg7 1/2-1/2

[Event "POL Ch 28th"]
[Site "Poznan POL"]
[Date "1971.02.17"]
[Round "3"]
[White "Balcerowski, Witold"]
[Black "Filipowicz, Andrzej"]
[Result "1/2-1/2"]
[WhiteElo "2380"]
[BlackElo "2410"]
[PlyCount "48"]
[EventDate "1971.??.??"]
[Source "www.chesslib.no"]
[SourceDate "2004.05.04"]

1. d4 Nf6 2. c4 c5 3. d5 e6 4. Nc3 exd5 5. cxd5 d6 6. e4 g6 7. Nf3 Bg7 8. Be2 O-O 9. O-O Re8 10. Nd2 Na6 11. f3 Nc7 12. a4 b6 13. Kh1 Nd7 14. Nc4 Ne5 15. Ne3 f5 16. f4 Nf7 17. exf5 gxf5 18. Rf3 Qf6 19. Rg3 Bd7 20. Bd2 Re7 21. Qc2 Nh6 22. Nb5 Ne8 23. Bc3 Qf8 24. Nc4 Ng4 1/2-1/2

[Event "Hambourg IHEM"]
[Site "?"]
[Date "2004.05.29"]
[Round "1.5"]
[White "Haba Petr"]
[Black "Zimmermann Julian"]
[Result "1/2-1/2"]
[WhiteElo "2513"]
[BlackElo "2276"]
[PlyCount "122"]
[EventDate "2004.??.??"]
[Source "www.chesslib.no"]
[SourceDate "2004.05.04"]

1. d4 Nf6 2. c4 c5 3. d5 e6 4. Nc3 exd5 5. cxd5 d6 6. Nf3 g6 7. Nd2 Bg7 8. e4 O-O 9. Be2 Na6 10. O-O Re8 11. f3 Rb8 12. Nb5 Nc7 13. a4 a6 14. Nxc7 Qxc7 15. a5 Bd7 16. Ra2 Bb5 17. Bc4 Qd8 18. b4 Nd7 19. bxc5 Nxc5 20. Bxb5 axb5 21. Nb3 Ra8 22. Bb2 Bxb2 23. Rxb2 Nxb3 24. Rxb3 Rxa5 25. Qd4 Ra4 26. Qf2 Qa5 27. h3 Rc8 28. Kh2 Rac4 29. Qg3 Rc2 30. Rf2 Rxf2 31. Qxf2 Rc3 32. Rb2 b4 33. Ra2 Qc5 34. Qh4 Ra3 35. Rb2 Kg7 36. e5 dxe5 37. Qxb4 Qe3 38. Qd2 Qxd2 39. Rxd2 Ra8 40. Rb2 Rd8 41. Rxb7 Rxd5 42. h4 h5 43. Kg3 Kf6 44. Ra7 Ke6 45. Ra6+ Rd6 46. Ra7 f5 47. Ra8 Kd5 48. Ra1 Ke6 49. Ra8 Rc6 50. Ra5 Rb6 51. Ra8 Kd5 52. Ra5+ Kd4 53. Ra4+ Kc3 54. Ra3+ Kb2 55. Ra5 Re6 56. Rc5 Kb3 57. Rc8 Kb4 58. Rc7 Kb5 59. Rc8 Kb6 60. Kf2 Kb7 61. Rc5 Kb6 1/2-1/2

[Event "CXEB"]
[Site "?"]
[Date "1999.09.20"]
[Round "?"]
[White "Maia Vinagre Henrique Pereira"]
[Black "Salvador Marques Joao Luis (P"]
[Result "1/2-1/2"]
[WhiteElo "2411"]
[BlackElo "2375"]
[PlyCount "47"]
[EventDate "1999.??.??"]
[Source "www.chesslib.no"]
[SourceDate "2004.05.04"]

1. d4 Nf6 2. c4 c5 3. d5 e6 4. Nc3 exd5 5. cxd5 d6 6. e4 g6 7. Nf3 Bg7 8. Be2 O-O 9. O-O Re8 10. Nd2 Na6 11. f3 Nc7 12. a4 b6 13. Nc4 Ba6 14. Bg5 Qd7 15. Qd2 Bxc4 16. Bxc4 a6 17. Qd3 Nh5 18. Kh1 Be5 19. Qd2 b5 20. Bd3 bxa4 21. Nxa4 Rab8 22. f4 Bf6 23. Bxf6 Nxf6 24. Nc3 1/2-1/2